000 00756nam a2200217 a 4500
999 _c8921
_d8921
001 8921
003 BD-JhCC
005 20180403172312.0
008 180305s1970 bg a|||| |||| 000 0 ben d
035 _a(BD-JhCC)8921
040 _aBD-JhCC
_dBD-JhCC
041 _aben
082 _a510.09
_bHOS 1970
100 _aহোসেন, ডক্টর কাজী মোতাহার
245 _aগণিত শাস্ত্রের ইতিহাস /
_cডক্টর কাজী মোতাহার হোসেন
260 _aঢাকা :
_bবাঙলা একাডেমী, বর্ধমান হাউস,
_c1970.
300 _a144 p. :
_bill. ;
_c20 cm.
650 _aMathematics
_xHistory
942 _2ddc
_cBK